000 00409nam a2200133 4500
999 _c511173
_d511173
008 190913b ||||| |||| 00| 0 eng d
100 _aSangwan, Sher Singh
_910385
245 _aTargets US $5 trillion economy but meagre efforts for domestic resource mobilisation
260 _bMainstream
300 _a57(33), 3 Aug, 2019: p.27-30.
773 _aMainstream
906 _aBudget - India
942 _2ddc
_cAR